Fundamentals of molecular spectroscopy (Record no. 221828)
[ view plain ]
| 000 -LEADER | |
|---|---|
| fixed length control field | 01060nam a22002297a 4500 |
| 005 - DATE AND TIME OF LATEST TRANSACTION | |
| control field | 20220411154507.0 |
| 008 - FIXED-LENGTH DATA ELEMENTS--GENERAL INFORMATION | |
| fixed length control field | 220311b ||||| |||| 00| 0 eng d |
| 020 ## - INTERNATIONAL STANDARD BOOK NUMBER | |
| International Standard Book Number | 9789352601738 |
| 040 ## - CATALOGING SOURCE | |
| Transcribing agency | AL |
| 041 ## - LANGUAGE CODE | |
| Language code of text/sound track or separate title | eng |
| 082 ## - DEWEY DECIMAL CLASSIFICATION NUMBER | |
| Edition number | 23 |
| Classification number | 543.0858 |
| Item number | BANF |
| 100 ## - MAIN ENTRY--PERSONAL NAME | |
| Personal name | Colin N Banwell |
| 9 (RLIN) | 23396 |
| 245 ## - TITLE STATEMENT | |
| Title | Fundamentals of molecular spectroscopy |
| 250 ## - EDITION STATEMENT | |
| Edition statement | 4th ed. |
| 260 ## - PUBLICATION, DISTRIBUTION, ETC. | |
| Place of publication, distribution, etc. | India |
| Name of publisher, distributor, etc. | McGraw Hill Education |
| Date of publication, distribution, etc. | 2020 |
| 300 ## - PHYSICAL DESCRIPTION | |
| Extent | xii,308p. |
| Other physical details | PB |
| Dimensions | 23.9x18cm. |
| 365 ## - TRADE PRICE | |
| Source of price type code | General |
| Price type code | VBI-1345 |
| Price amount | ₹446.25 |
| Currency code | ₹ |
| Unit of pricing | ₹595.00 |
| Price note | 25% |
| Price effective from | 21-02-2022 |
| 520 ## - SUMMARY, ETC. | |
| Summary, etc. | This revision of Dr. Banwell's highly popular text retains the features which have made it so attractive to students and lecturers over the years. It remains an elementary and non-mathematical introduction to molecular spectroscopy that emphasizes the overall unity of the subject and offers a pictorial perception rather than a mathematical description of the principles of spectroscopy. |
| 650 ## - SUBJECT ADDED ENTRY--TOPICAL TERM | |
| Source of heading or term | Spectroscopy |
| Topical term or geographic name entry element | Analytical chemistry |
| 9 (RLIN) | 23397 |
| 700 ## - ADDED ENTRY--PERSONAL NAME | |
| Personal name | McCash, Elaine M |
| 9 (RLIN) | 23398 |
| 942 ## - ADDED ENTRY ELEMENTS (KOHA) | |
| Source of classification or shelving scheme | Dewey Decimal Classification |
| Koha item type | Book |
| Withdrawn status | Lost status | Source of classification or shelving scheme | Damaged status | Not for loan | Collection code | Home library | Current library | Date acquired | Source of acquisition | Cost, normal purchase price | Total Checkouts | Full call number | Barcode | Date last seen | Date last checked out | Cost, replacement price | Price effective from | Koha item type |
|---|---|---|---|---|---|---|---|---|---|---|---|---|---|---|---|---|---|---|
| Dewey Decimal Classification | General Chemistry | St Aloysius PG Library | St Aloysius PG Library | 03/09/2022 | Vidyarthi Books | 446.25 | 5 | 543.0858 BANF | PG023750 | 08/14/2025 | 08/09/2025 | 595.00 | 02/21/2022 | Book |